00709nam a2200241Ia 450000100060000000300090000600800410001504000130005604000130006904100130008210000260009510000290012124500470015024500440019725000110024126000110025226000090026326000450027230000590031750000330037665000270040965000310043653388IT-RoPAU130308s9999 xx 000 0 und d aIT-RoPAU cIT-RoPAU aITALIANO aCastellani Castellano gCodice Aut. SPICS: 8320 aRappresentazione del figliuol prodigo (La) bSacre rappresentazioni del Quattrocento a2a ed. aTORINO bUTET c1974 [1° Ed.:1963 - Ed.Ling.Originale:] a"59 p. (prefazione: no ; testo: 59 [pagine: 269-327])" aTesto della Rappresentazione aAUTORI/OPERE DI TEATRO eCodice materia Spics: 8407